| 000 | 00601nam a22001937a 4500 | ||
|---|---|---|---|
| 999 |
_c5998 _d5998 |
||
| 005 | 20260120115731.0 | ||
| 008 | 260120b ||||| |||| 00| 0 eng d | ||
| 040 | _cKH8 | ||
| 082 | _a813.6 DON | ||
| 100 |
_aDONALDSON,JULIA _eAUTHOR |
||
| 245 | _aOne Mole Digging a Hole | ||
| 260 |
_a20 New Wharf Road,London N1 9RR _bMacmillan Children's Books _c2010 |
||
| 300 |
_apages _bColour illustration _c25cm x 25cm |
||
| 520 | _aCount along as the animals lend a hand in the garden. | ||
| 650 | _aJuvenile Literature | ||
| 655 | _aLiterature | ||
| 700 |
_aSharratt,Nick _eillustrator |
||
| 942 |
_2ddc _cFIC |
||